| 000 | 00469nam a2200133Ia 4500 | ||
|---|---|---|---|
| 008 | 220217s9999 xx 000 0 und d | ||
| 100 | _aAsaletha, R. | ||
| 245 | 0 | _aStudies on thermoplastic elastomers from natural rubber/polystyrene and natural rubber/polystyrene/natural rubber-graft-polystyrene blends | |
| 260 |
_bMahatma Gandhi University _a Kottayam _c1998 |
||
| 300 | _a239 | ||
| 500 | _aCourse: Ph. D | ||
| 700 | _aDr MG Kumaran and Dr Sabu Thomas | ||
| 942 | _cTS | ||
| 999 |
_c74595 _d74595 |
||